000 00414nam a22001697a 4500
003 OSt
008 230511b |||||||| |||| 00| 0 eng d
022 _a81-85042-11-X
100 _aRUSTUGI,Ram.P
245 _aCompendium of Indian Medicinal Plants
250 _a3rd Repriented 2017
260 _aNew Delhi
_bNISCAIR
300 _a831
650 _aPHARMACOGNOSY
700 _aMehrotra, B.N
942 _2ddc
_cREF
999 _c12025
_d12025